全国地铁红色线统计(包含港澳台) - Statistics

General Stats
  • This quiz has been taken 30 times
  • The average score is 36 of 45
Answer Stats
城市 hex % Correct
北京 a4343a 1号线
100%
上海 e3022a 1号线
89%
呼和浩特 e82311 1号线
85%
沈阳 e5001c 1号线
85%
长春 e50012 1号线
85%
哈尔滨 c8102e 1号线
85%
徐州 a23337 1号线
85%
合肥 e61e25 1号线
85%
常州 cd5c5c 1号线
85%
无锡 ee3e41 1号线
85%
南通 e60012 1号线
85%
杭州 df4661 1号线
85%
绍兴 c5003e 1号线
85%
南昌 e60039 1号线
85%
福州 bb1e10 1号线
85%
郑州 e60000 1号线
85%
长沙 e60012 1号线
85%
昆明 ea3222 1号线
85%
重庆 e4002b 1号线
85%
北京 a4343a 八通线
81%
天津 bd0016 1号线
81%
石家庄 e53e30 1号线
81%
青岛 af272f 2号线
81%
南京 a6093d 2号线
81%
苏州 ef3340 2号线
81%
宁波 d60e19 2号线
81%
佛山 f5333f 2号线
81%
东莞 ed1c24 2号线
81%
西安 ef3340 2号线
81%
兰州 ff0000 2号线
81%
深圳 dc241f 4号线
81%
武汉 a43034 5号线
81%
广州 c5003e 5号线
81%
太原 da2b30 2号线
78%
南宁 eb3d1a 2号线
78%
贵阳 ee2737 3号线
78%
大连 da291c 5号线
78%
金华 ff0000 金义东线
70%
温州 d73333 S2线
70%
无锡 ee3e41 S1线
67%
香港 e2231a 荃湾线
63%
北京 d22630 西郊线
59%
高雄 e20b65 红线
52%
台北 e3002c 淡水信义线
48%
北京 d22630 亦庄T1线
44%
No matching quizzes found
Score Distribution
Percent of People with Each Score
Percentile by Number Answered
Your Score History
You have not taken this quiz